00552 2200181 4500001002100000005001500021035002000036245011000056100003400166260003800200300002500238020002200263084001400285082000800299650001000307008004100317990001200358INLIS00000000000269420251007090139 a0010-09250000411 aApa yang Berbeda dari Guru Hebat: 12 Kisah Inspiratif Bagi Para Pendidik /cEko Prasetyo & Mohammad Ihsan aEko Prasetyo & Mohammad Ihsan a- :bEsensi Erlangga Group,c2011 a74 ;c(14,5 x 21 cm) a978-979-099-296-2 a370 EKO a a370 4aFiksi251007 0  a0754896